| 000 -ლიდერი |
| ფიქსირებული სიგრძის საკონტროლო ველი |
01367nam a2200277Ia 4500 |
| 001 - საკონტროლო ნომერი |
| საკონტროლო ველი |
13998 |
| 003 - საკონტროლო ნომრის იდენტიფიკატორი |
| საკონტროლო ველი |
GE_BSU |
| 005 - ბოლო ოპერაციის თარიღი და დრო |
| საკონტროლო ველი |
20241101110304.0 |
| 008 - ფიქსირებული სიგრძის მონაცემთა ელემენტები - ზოგადი ინფორმაცია |
| ფიქსირებული სიგრძის საკონტროლო ველი |
181216s1998||||ge |||||||||||||| ||geo|| |
| 040 ## - კატალოგიზაციის წყარო |
| Transcribing agency |
GE_BSU |
| 041 ## - ენის კოდი |
| Language code of text/sound track or separate title |
geo |
| 080 ## - უნივერსალური ათობითი კლასიფიკაციის ინდექსი |
| Universal Decimal Classification number |
94(38)(042.4)+338(38)+32(38)+008(38)(042.4) კ-45 |
| 100 ## - მთავარი ჩანაწერი - პიროვნების სახელი |
| Personal name |
კვეზერელი-კოპაძე, ნატო |
| 9 (RLIN) |
23590 |
| 245 ## - ცნობა სათაურის შესახებ |
| Title |
ძველი საბერძნეთის ისტორია : |
| Remainder of title |
ლექციების მოკლე კურსი / |
| Statement of responsibility, etc |
ნატო კვეზერელი-კოპაძე ; [რედ. : ზ. ჩიმაკაძე]. |
| 264 ## - წარმოების, გამოცემის, დისტრიბუციის და სხვა ცნობები |
| გამოცემის, წარმოების, დისტრიბუციის... ადგილი |
თბილისი : |
| გამოცემის, წარმოების, დისტრიბუციის... სახელწოდება |
ოფის-პრესი, |
| გამოცემის, წარმოების, დისტრიბუციის... თარიღი |
1998. |
| 300 ## - ფიზიკური აღწერა |
| Extent |
221 გვ. ; |
| Dimensions |
21 სმ. |
| 504 ## - BIBLIOGRAPHY, ETC. NOTE |
| Bibliography, etc |
ბიბლიოგრ. : გვ. 217-219 |
| 653 ## - INDEX TERM--UNCONTROLLED |
| Uncontrolled term |
ძველი საბერძნეთის ისტორია |
| 653 ## - INDEX TERM--UNCONTROLLED |
| Uncontrolled term |
ლექციების მოკლე კურსი |
| 653 ## - INDEX TERM--UNCONTROLLED |
| Uncontrolled term |
ძველი საბერძნეთის ეკონომიკა |
| 653 ## - INDEX TERM--UNCONTROLLED |
| Uncontrolled term |
ძველი საბერძნეთის პოლიტიკა |
| 653 ## - INDEX TERM--UNCONTROLLED |
| Uncontrolled term |
ძველი ბერძნული კულტურა |
| 700 ## - ADDED ENTRY--PERSONAL NAME |
| Personal name |
ჩიმაკაძე, ზ. |
| Relator term |
რედაქტორი |
| 9 (RLIN) |
23591 |
| 942 ## - ADDED ENTRY ELEMENTS (KOHA) |
| Koha item type |
წიგნი |
| Source of classification or shelving scheme |
|